[Event "Dubrovnik Advent op"]
[Site "Dubrovnik"]
[Date "2023.12.01"]
[Round "1"]
[White "Turdyev, Anvar"]
[Black "Kresic, Vid"]
[Result "1-0"]
[WhiteElo "2386"]
[BlackElo "1721"]
[PlyCount "63"]
[EventDate "2023.12.01"]
[EventType "swiss"]
[EventRounds "6"]
[EventCountry "CRO"]
[SourceTitle "CB49_2023"]
[SourceDate "2023.12.06"]
[SourceVersion "1"]
[SourceVersionDate "2023.12.06"]
[SourceQuality "1"]

1. Nf3 Nf6 2. c4 e6 3. g3 d5 4. Bg2 Be7 5. 0-0 0-0 6. d4 Nbd7 7. Qc2 c6 8. Nbd2 b6 9. e4 dxc4 10. Nxc4 Bb7 11. e5 Nd5 12. Qe4 b5 13. Ne3 N7b6 14. Qg4 Re8 15. Nxd5 Nxd5 16. Bg5 Bxg5 17. Nxg5 Rf8 18. Qh5 h6 19. Ne4 Bc8 20. Rfd1 Bd7 21. Rac1 Rc8 22. Qe2 Qb6 23. h4 Rfd8 24. Nd6 Rc7 25. Rc5 Nb4 26. a3 Na6 27. Rc3 c5 28. dxc5 Nxc5 29. Qe3 Na6 30. Qxb6 axb6 31. Rxc7 Nxc7 32. Nb7 1-0

[Event "CRO-ch U15"]
[Site "Trogir"]
[Date "2023.06.25"]
[Round "7"]
[White "Kresic, Vid"]
[Black "Jurisic, Nikola"]
[Result "0-1"]
[WhiteElo "1480"]
[BlackElo "1361"]
[PlyCount "60"]
[EventDate "2023.06.21"]
[EventType "swiss"]
[EventRounds "9"]
[EventCountry "CRO"]
[SourceTitle "EXT 2024"]
[Source "ChessBase"]
[SourceDate "2023.10.10"]
[SourceVersion "1"]
[SourceVersionDate "2023.10.10"]
[SourceQuality "1"]

1. d4 Nf6 2. Nf3 g6 3. g3 Bg7 4. Bg2 0-0 5. 0-0 d6 6. Re1 c5 7. c3 cxd4 8. cxd4 Nc6 9. Nc3 e5 10. e4 Bg4 11. dxe5 dxe5 12. h3 Bxf3 13. Bxf3 Nd4 14. Be3 Rc8 15. Rc1 Qb6 16. Bxd4 exd4 17. Na4 Rxc1 18. Qxc1 Qa5 19. Qd1 Rd8 20. a3 Nd7 21. b4 Qc7 22. Qc1 Qxc1 23. Rxc1 d3 24. Rd1 Ne5 25. Bg2 Nc4 26. Nc5 d2 27. Nb3 Bc3 28. Nxd2 Bxd2 29. a4 Nb2 30. Rb1 Bc3 0-1

[Event "CRO-ch U15"]
[Site "Trogir"]
[Date "2023.06.24"]
[Round "6"]
[White "Frouth, Vibor"]
[Black "Kresic, Vid"]
[Result "1/2-1/2"]
[WhiteElo "1610"]
[BlackElo "1480"]
[PlyCount "55"]
[EventDate "2023.06.21"]
[EventType "swiss"]
[EventRounds "9"]
[EventCountry "CRO"]
[SourceTitle "EXT 2024"]
[Source "ChessBase"]
[SourceDate "2023.10.10"]
[SourceVersion "1"]
[SourceVersionDate "2023.10.10"]
[SourceQuality "1"]

1. e4 e5 2. Nf3 Nc6 3. Bc4 Bc5 4. c3 Nf6 5. d4 exd4 6. e5 d5 7. Be2 Ne4 8. cxd4 Bb6 9. 0-0 0-0 10. Be3 f6 11. exf6 Qxf6 12. Nc3 Be6 13. Qd3 Nxc3 14. bxc3 h6 15. Qd2 Ne7 16. Ne5 Nf5 17. Bd3 c6 18. Bxf5 Bxf5 19. g4 Be6 20. g5 hxg5 21. Bxg5 Qf5 22. f4 c5 23. Rad1 cxd4 24. cxd4 Rac8 25. Rf2 Qe4 26. h4 Bf5 27. Re2 Qc2 28. Qxc2 1/2-1/2

[Event "CRO-ch U13"]
[Site "Trogir"]
[Date "2022.06.23"]
[Round "3"]
[White "Gasparovic, Roko"]
[Black "Kresic, Vid"]
[Result "1/2-1/2"]
[WhiteElo "1696"]
[BlackElo "1449"]
[PlyCount "166"]
[EventDate "2022.06.22"]
[EventType "swiss"]
[EventRounds "9"]
[EventCountry "CRO"]
[SourceTitle "CBM 209 Extra"]
[Source "ChessBase"]
[SourceDate "2022.09.30"]
[SourceVersion "1"]
[SourceVersionDate "2022.09.30"]
[SourceQuality "1"]

1. e4 e5 2. Nf3 Nc6 3. d4 exd4 4. Nxd4 Bc5 5. Nb3 Bb6 6. Nc3 d6 7. Bf4 Nf6 8. Qd2 Qe7 9. 0-0-0 Be6 10. f3 0-0-0 11. Nd5 Bxd5 12. exd5 Ne5 13. Re1 Rhe8 14. Bb5 Nfd7 15. Be3 Bxe3 16. Qxe3 Kb8 17. f4 Ng6 18. Qxe7 Rxe7 19. Rxe7 Nxe7 20. Re1 Nc8 21. Nd4 Nf6 22. c4 Ka8 23. Nf5 a6 24. Ba4 Nb6 25. Bb3 Re8 26. Rxe8+ Nxe8 27. Kd2 g6 28. Nh6 f5 29. Kc3 Kb8 30. Kd4 Nf6 31. c5 dxc5+ 32. Kxc5 Ne4+ 33. Kd4 Nd7 34. g4 Nd6 35. gxf5 gxf5 36. Bc2 Nb5+ 37. Ke3 Nf6 38. Bxf5 Nxd5+ 39. Ke4 c6 40. Ke5 Kc7 41. Bxh7 Nd6 42. f5 Nc4+ 43. Ke6 Nf4+ 44. Kf7 Ne5+ 45. Ke7 Nd5+ 46. Ke6 Nd7 47. Bg6 Nf4+ 48. Kf7 Kd6 49. Ng4 b5 50. f6 c5 51. Bf5 Ne5+ 52. Nxe5 Kxe5 53. Bd7 Nd5 54. Bc8 a5 55. Kg6 Nxf6 56. h4 Ng8 57. Bd7 b4 58. h5 c4 59. Ba4 Ne7+ 60. Kf7 Nf5 61. Bc2 Nh6+ 62. Kg6 Ng8 63. Kg7 Nf6 64. h6 Nh5+ 65. Kg6 Nf6 66. Bf5 a4 67. Bc2 b3 68. axb3 cxb3 69. Bf5 a3 70. bxa3 b2 71. a4 Ne4 72. h7 b1Q 73. h8Q+ Kf4 74. Qh4+ Ke5 75. Qe7+ Kf4 76. Qc7+ Kf3 77. a5 Qg1+ 78. Kf7 Ng5+ 79. Kf6 Ne4+ 80. Bxe4+ Kxe4 81. Qc6+ Kd3 82. Qd5+ Kc3 83. a6 Qf1+ 1/2-1/2

[Event "Crikvenica City-ch"]
[Site "Crikvenica"]
[Date "2022.02.19"]
[Round "3"]
[White "Kresic, Vid"]
[Black "Kvaternik, Vilim"]
[Result "1-0"]
[WhiteElo "1340"]
[BlackElo "1407"]
[PlyCount "68"]
[EventDate "2022.02.12"]
[EventType "swiss"]
[EventRounds "7"]
[EventCountry "CRO"]
[SourceTitle "CBM 207 Extra"]
[Source "ChessBase"]
[SourceDate "2022.05.31"]
[SourceVersion "1"]
[SourceVersionDate "2022.05.31"]
[SourceQuality "1"]

1. d4 e6 2. c4 Ne7 3. Nc3 d5 4. Bf4 a6 5. e3 Nbc6 6. cxd5 Nxd5 7. Nxd5 exd5 8. a3 Bd6 9. Bxd6 Qxd6 10. h3 0-0 11. Nf3 Bf5 12. Bd3 Bxd3 13. Qxd3 Qg6 14. Qxg6 fxg6 15. Rc1 Rae8 16. 0-0 Rf7 17. b4 h6 18. Rc5 Rd8 19. b5 axb5 20. Rxb5 b6 21. Rc1 Rf6 22. Rb2 Ra8 23. Rbc2 Nb8 24. Rxc7 Kh7 25. Re7 Nc6 26. Rd7 Rxa3 27. Rxd5 Ne7 28. Rd7 Re6 29. Rcc7 Nf5 30. g4 Nd6 31. Rxg7+ Kh8 32. Rgd7 Ra1+ 33. Kg2 b5 34. Ne5 b4 1-0

[Event "CRO-ch U11"]
[Site "Trogir"]
[Date "2020.08.28"]
[Round "7"]
[White "Radalj, Niko"]
[Black "Kresic, Vid"]
[Result "1/2-1/2"]
[WhiteElo "1077"]
[BlackElo "1232"]
[PlyCount "46"]
[EventDate "2020.08.24"]
[EventType "swiss"]
[EventRounds "9"]
[EventCountry "CRO"]
[SourceTitle "CBM 198 Extra"]
[Source "ChessBase"]
[SourceDate "2020.11.30"]
[SourceVersion "1"]
[SourceVersionDate "2020.11.30"]
[SourceQuality "1"]

1. e4 e5 2. Nf3 Nc6 3. Bb5 a6 4. Ba4 d6 5. h3 g6 6. 0-0 Nge7 7. d3 h6 8. Nc3 Bg7 9. Re1 0-0 10. a3 Kh7 11. b4 b5 12. Bb3 f5 13. Bd2 f4 14. Kh2 Bd7 15. g3 fxg3+ 16. fxg3 Qc8 17. g4 Be6 18. Bxe6 Qxe6 19. Rf1 Nd4 20. Nxd4 exd4 21. Ne2 Rxf1 22. Qxf1 Rf8 23. Qg2 g5 1/2-1/2

[Event "CRO-chT U20 29th"]
[Site "Cakovec"]
[Date "2020.07.19"]
[Round "11.4"]
[White "Dabic, Stjepan"]
[Black "Kresic, Vid"]
[Result "1-0"]
[WhiteElo "2120"]
[BlackElo "1216"]
[PlyCount "53"]
[EventDate "2020.07.14"]
[EventType "team-tourn"]
[EventRounds "11"]
[EventCountry "CRO"]
[SourceTitle "CBM 197 Extra"]
[Source "ChessBase"]
[SourceDate "2020.09.30"]
[SourceVersion "1"]
[SourceVersionDate "2020.09.30"]
[SourceQuality "1"]
[WhiteTeam "Rijeka Liburnija U20"]
[BlackTeam "Crikvenica U20"]
[WhiteTeamCountry "CRO"]
[BlackTeamCountry "CRO"]

1. d4 d5 2. c4 e6 3. Nc3 Bb4 4. Nf3 Nf6 5. Bg5 c5 6. cxd5 exd5 7. e3 Be6 8. Be2 Nc6 9. 0-0 h6 10. Bh4 cxd4 11. Nxd4 Be7 12. Nxe6 fxe6 13. Bh5+ Kd7 14. Bf3 g5 15. Bg3 h5 16. h3 Qa5 17. e4 d4 18. e5 Nd5 19. Nxd5 exd5 20. e6+ Kxe6 21. Bxh5 Bf6 22. Qg4+ Ke7 23. Rae1+ Kf8 24. Qe6 Rxh5 25. Qxf6+ Kg8 26. Qg6+ Kf8 27. Bd6+ 1-0

[Event "CRO-chT U20 29th"]
[Site "Cakovec"]
[Date "2020.07.18"]
[Round "9.5"]
[White "Colev, Ivor"]
[Black "Kresic, Vid"]
[Result "1-0"]
[WhiteElo "1901"]
[BlackElo "1216"]
[PlyCount "75"]
[EventDate "2020.07.14"]
[EventType "team-tourn"]
[EventRounds "11"]
[EventCountry "CRO"]
[SourceTitle "CBM 197 Extra"]
[Source "ChessBase"]
[SourceDate "2020.09.30"]
[SourceVersion "1"]
[SourceVersionDate "2020.09.30"]
[SourceQuality "1"]
[WhiteTeam "Strigova Stridon U20"]
[BlackTeam "Crikvenica U20"]
[WhiteTeamCountry "CRO"]
[BlackTeamCountry "CRO"]

1. e4 e5 2. Nf3 Nc6 3. Bb5 Bc5 4. c3 a6 5. Ba4 Nge7 6. d4 exd4 7. cxd4 Ba7 8. d5 Na5 9. Bd2 Nc4 10. Bc3 b5 11. Bc2 Bb7 12. b3 Nb6 13. 0-0 0-0 14. Qd4 f6 15. Qd3 Ng6 16. h4 d6 17. Qd1 Ne5 18. Nbd2 Nbd7 19. Bd4 Qe7 20. Bxa7 Rxa7 21. Nd4 Nc5 22. b4 Ncd7 23. Ne6 Rc8 24. Nb3 c5 25. f4 c4 26. Nbd4 Ng6 27. Nf5 Qf7 28. Nxd6 Qe7 29. Nf5 Qxb4 30. h5 Ngf8 31. Qg4 g6 32. hxg6 hxg6 33. Nh4 Kf7 34. e5 f5 35. Bxf5 gxf5 36. Qxf5+ Ke8 37. Qh5+ Ke7 38. Nf5# 1-0

[Event "CRO-chT U20 29th"]
[Site "Cakovec"]
[Date "2020.07.16"]
[Round "5.4"]
[White "Kresic, Vid"]
[Black "Jaksic, Josip"]
[Result "1/2-1/2"]
[WhiteElo "1216"]
[BlackElo "1616"]
[PlyCount "117"]
[EventDate "2020.07.14"]
[EventType "team-tourn"]
[EventRounds "11"]
[EventCountry "CRO"]
[SourceTitle "CBM 197 Extra"]
[Source "ChessBase"]
[SourceDate "2020.09.30"]
[SourceVersion "1"]
[SourceVersionDate "2020.09.30"]
[SourceQuality "1"]
[WhiteTeam "Crikvenica U20"]
[BlackTeam "Zadar Casper U20"]
[WhiteTeamCountry "CRO"]
[BlackTeamCountry "CRO"]

1. d4 Nf6 2. Nf3 e6 3. Bf4 d5 4. e3 Bd6 5. Bg3 0-0 6. Nc3 a6 7. Bxd6 Qxd6 8. Bd3 b6 9. Ne2 c5 10. c3 Nc6 11. Ng3 e5 12. dxe5 Nxe5 13. Be2 Qc7 14. 0-0 Bb7 15. Nxe5 Qxe5 16. Bf3 Rfd8 17. Qb3 Rd6 18. Rad1 Rad8 19. Rfe1 h6 20. a4 Ne4 21. Bxe4 dxe4 22. Rxd6 Rxd6 23. a5 b5 24. Rd1 c4 25. Qc2 Rg6 26. Rd4 Qg5 27. Qe2 Qe5 28. Qh5 Qc7 29. Qh4 Qxa5 30. Qd8+ Qxd8 31. Rxd8+ Kh7 32. Nf5 Rf6 33. Nd4 g5 34. Rb8 Bd5 35. Rd8 Bc6 36. Rb8 Bd7 37. Rb7 Rd6 38. h3 Kg6 39. Kf1 f5 40. Ke2 f4 41. Ra7 Kf6 42. Ra8 Kf7 43. Ra7 Kg6 44. Ra8 Kg7 45. Ra7 Kf7 46. Rb7 Kg6 47. Rb8 Rf6 48. Rb7 Rd6 49. Ra7 Kf6 50. Ra8 Ke7 51. Rh8 Rf6 52. Ra8 Rg6 53. g3 fxg3 54. fxg3 Bxh3 55. Ra7+ Bd7 56. Nf5+ Kd8 57. Ra8+ Kc7 58. Ra7+ Kd8 59. Ra8+ 1/2-1/2

[Event "CRO-ch Top 10 U16"]
[Site "Rijeka"]
[Date "2020.01.04"]
[Round "1"]
[White "Kresic, Vid"]
[Black "Hajdinic, Ema"]
[Result "1-0"]
[WhiteElo "1203"]
[BlackElo "1591"]
[PlyCount "57"]
[EventDate "2020.01.04"]
[EventType "swiss"]
[EventRounds "6"]
[EventCountry "CRO"]
[SourceTitle "CBM 195 Extra"]
[Source "ChessBase"]
[SourceDate "2020.05.31"]
[SourceVersion "1"]
[SourceVersionDate "2020.05.31"]
[SourceQuality "1"]

1. d4 d5 2. c4 e6 3. Nc3 Nf6 4. Bf4 c6 5. e3 Nbd7 6. Bd3 dxc4 7. Bxc4 Nb6 8. Bb3 Nbd5 9. Bxd5 Nxd5 10. Nxd5 exd5 11. Nf3 Bb4+ 12. Nd2 h5 13. h3 g5 14. Bh2 g4 15. a3 Bxd2+ 16. Qxd2 gxh3 17. gxh3 Bxh3 18. Be5 f6 19. Bxf6 Qxf6 20. Rxh3 Qf5 21. Rh2 Qf3 22. Qe2 Qxe2+ 23. Kxe2 Kf7 24. Rah1 Kg6 25. Rg1+ Kh6 26. Rhg2 h4 27. Rg6+ Kh7 28. R6g4 Rag8 29. Rxh4# 1-0